00476nam a22001577a 4500003000400000005001700004008004100021020001100062035001300073040001500086082000800101100003800109245010100147260004600248300002400294dpl20180829173324.0180829b xxu||||| |||| 00| 0 eng d c190.00 aB-230312 aDPLbENc0 a000 aGulati, S.L, Sharma, Sanjay kumar aBookhive's guide to b.ed admission testbBachelor of educationcS.L. Gulati, Sanjay kumar sharma aNew delhibBookhive group of publications avarious pagesc23cm